Antología de la poesía cósmica cubana

Uloženo v:
Podrobná bibliografie
Hlavní autor: Arias de la Canal, Fredo (Autor)
Médium: Kniha
Jazyk:španělština
Vydáno: Ciudad de México Frente de Afirmación Hispanista 2000
Témata:
Tagy: Přidat tag
Žádné tagy, Buďte první, kdo vytvoří štítek k tomuto záznamu!

MARC

LEADER 00000nam a2200000 a 4500
001 UCO7772
003 CL-VaPUC
008 001124e20000000MX |||||||||||||||||spa|d
082 0 4 |a Cu861  |b ARI  |2 21 
100 |a Arias de la Canal, Fredo  |e author  |9 452443 
245 1 0 |a Antología de la poesía cósmica cubana 
300 |a v 
942 |c BK 
945 |d 20001124 00:00:00  |a rbrito 
260 |a Ciudad de México  |b Frente de Afirmación Hispanista  |c 2000 
650 0 |a Poesías cubanas  |9 316897 
583 |a last modification  |c 20001124 00:00:00  |k Rodrigo Vera 
999 |c 292650  |d 292648 
952 |0 0  |1 0  |4 0  |6 CU_861_000000000000000_ARI_2000  |7 0  |8 A  |9 343689  |a BIBEDU  |b BIBEDU  |d 2019-11-20  |h v.1  |i 3665461  |o Cu861 ARI 2000  |p 3665461  |r 2019-11-20  |w 2019-11-20  |y BK  |k LIT 
952 |0 0  |1 0  |4 0  |6 CU_861_000000000000000_ARI_2000  |7 0  |8 A  |9 343690  |a BIBEDU  |b BIBEDU  |d 2019-11-20  |h v.2  |i 3754553  |o Cu861 ARI 2000  |p 3754553  |r 2019-11-20  |w 2019-11-20  |y BK  |k LIT 
952 |0 0  |1 0  |4 0  |6 CU_861_000000000000000_ARI_2000  |7 0  |8 A  |9 343691  |a BIBEDU  |b BIBEDU  |d 2019-11-20  |h v.3  |i 3855260  |o Cu861 ARI 2000  |p 3855260  |r 2019-11-20  |w 2019-11-20  |y BK  |k LIT